"Romové" v osidlech sociálního vyloučení /

Other Authors: Hirt, Tomáš, 1975-, Jakoubek, Marek, 1975-
Language: Czech
Published: Plzeň : Vydavatelství a nakladatelství Aleš Čeněk, 2006
Subjects:
Online Access: Digitalizovaný dokument
Physical Description: 414 s. : il. ; 21 cm
Book
Saved in:
LEADER 01797nam a2200469 a 4500
001 nkc20061655051
003 CZ PrNK
005 20180829235007.0
007 ta
008 060515s2006 xr a f 000 0 cze
015 |a cnb001655051 
020 |a 80-86898-76-8  |q (brož.) 
035 |a (OCoLC)77282201 
040 |a ABA001  |b cze 
041 1 |a cze  |h eng 
043 |a e-xr--- 
072 7 |a 316.3  |x Globální společnosti. Sociální struktura. Sociální skupiny  |2 Konspekt  |9 18 
080 |a 364.624.4  |2 MRF 
080 |a (=214.58)  |2 MRF 
080 |a (437.3)  |2 MRF 
080 |a (082)  |2 MRF 
245 0 0 |a "Romové" v osidlech sociálního vyloučení /  |c editoři Tomáš Hirt, Marek Jakoubek 
246 3 0 |a Romové 
260 |a Plzeň :  |b Vydavatelství a nakladatelství Aleš Čeněk,  |c 2006 
300 |a 414 s. :  |b il. ;  |c 21 cm 
500 |a Část. přeloženo z angličtiny 
504 |a Obsahuje bibliografie a bibliografické odkazy 
650 0 7 |a Romové  |7 ph118051  |z Česko  |2 czenas 
650 0 7 |a sociální vyloučení  |7 ph164936  |z Česko  |2 czenas 
650 0 9 |a Romanies  |z Czechia  |2 eczenas 
650 0 9 |a social exclusion  |z Czechia  |2 eczenas 
655 7 |a sborníky  |7 fd163935  |2 czenas 
655 9 |a miscellanea  |2 eczenas 
700 1 |a Hirt, Tomáš,  |d 1975-  |7 mzk2004258420  |4 edt 
700 1 |a Jakoubek, Marek,  |d 1975-  |7 xx0015572  |4 edt 
856 4 1 |u http://www.digitalniknihovna.cz/mzk/uuid/uuid:71515800-72ba-11e8-9690-005056827e51  |y Digitalizovaný dokument  |x NDK 
910 2 |a BOA001  |b 2-1174.465 
990 |a BK 
995 |a 01 
991 |b 200609  |c NOV 
996 6 |b 2610290236  |c 2-1174.465  |l MZK  |r Sklad / do 1 hodiny  |n 16  |p p.v.  |w 000825283  |u 000010  |a 1  |e BOA001  |j MZK50  |s P 
996 7 |b 2610296919  |c 2-1174.465  |l Vol.výběr  |r VV 0p  |n 65  |p kup  |h 316.3 ROM  |w 000825283  |u 000020  |a 0  |e BOA001  |j MZK50  |s A